Catálogo público

Efectos sociales de la papaya transgénica: (Record no. 220178)

MARC details
000 -CABECERA
campo de control de longitud fija 02276nam a22003137a 4500
003 - IDENTIFICADOR DEL NÚMERO DE CONTROL
campo de control OSt
005 - FECHA Y HORA DE LA ÚLTIMA TRANSACCIÓN
campo de control 20241002113204.0
008 - DATOS DE LONGITUD FIJA--INFORMACIÓN GENERAL
campo de control de longitud fija 240930s2012 mx ad||f |||| 001 0 spa d
020 ## - NÚMERO INTERNACIONAL ESTÁNDAR DEL LIBRO
Número Internacional Estándar del Libro 9786074771121 (Colección Sociología)
020 ## - NÚMERO INTERNACIONAL ESTÁNDAR DEL LIBRO
Número Internacional Estándar del Libro 9786074777260 (de la obra)
040 ## - FUENTE DE LA CATALOGACIÓN
Centro catalogador/agencia de origen CHAP
Centro/agencia transcriptor CHAP
Normas de descripción rda
082 00 - NÚMERO DE LA CLASIFICACIÓN DECIMAL DEWEY
Número de edición 22
Número de clasificación 338.17441
Número de documento/Ítem E27
245 10 - MENCIÓN DE TÍTULO
Título Efectos sociales de la papaya transgénica:
Resto del título una evaluación ex ante /
Mención de responsabilidad, etc. por Michelle Chauvet... [y otros cinco]
250 ## - MENCIÓN DE EDICIÓN
Mención de edición Primera edición
264 #1 - PRODUCCIÓN, PUBLICACIÓN, DISTRIBUCIÓN, FABRICACIÓN Y COPYRIGHT
Producción, publicación, distribución, fabricación y copyright México:
Nombre del de productor, editor, distribuidor, fabricante Universidad Autonóma Metropolitana, Divsión de Ciencias Sociales y Humanidades,
Fecha de producción, publicación, distribución, fabricación o copyright 2012.
300 ## - DESCRIPCIÓN FÍSICA
Extensión 234 páginas
Otras características físicas Ilustraciones, gráficas, tablas
336 ## - TIPO DE CONTENIDO
Fuente rdacontent
Término de tipo de contenido texto
Código de tipo de contenido txt
337 ## - TIPO DE MEDIO
Fuente rdamedia
Nombre/término del tipo de medio sin medio
Código del tipo de medio n
338 ## - TIPO DE SOPORTE
Fuente rdacarrier
Nombre/término del tipo de soporte volumen
Código del tipo de soporte nc
490 1# - MENCIÓN DE SERIE
Mención de serie Colección Sociología.
500 ## - NOTA GENERAL
Nota general Incluye índice y bibliografía
520 ## - SUMARIO, ETC.
Sumario, etc. Las innovaciones biotecnológicas han generado preocupación sobre las posibles consecuencias a nivel de salud, alimentación y el medio ambiente. Dentro de este contexto, las autoras se sitúan en el traslape entre preocupación e innovación para la evaluación ex ante de los efectos sociales que acarrearía la introducción de una papaya trasgénica resistente al virus de la mancha anular en México, como resultado de las investigaciones que se realizan en diversos centros públicos de investigación. El objetivo era conocer y analizar los intereses y necesidades de los actores sociales involucrados, en especial de los productores, ya que este virus es uno de los problemas fitosanitarios que enfrenta el cultivo de la papaya, su manejo genera pérdidas económicas y agudiza la diferenciación social entre pequeños y grandes productores.México, como principal país exportador y por su debatido carácter de centro de origen y diversidad de la papaya, nos exige cautela, ante la liberación de una semilla genéticamente modificada.
650 #4 - PUNTO DE ACCESO ADICIONAL DE MATERIA--TÉRMINO DE MATERIA
Término de materia o nombre geográfico como elemento de entrada Papaya
Subdivisión general Cultivo
9 (RLIN) 136934
650 #4 - PUNTO DE ACCESO ADICIONAL DE MATERIA--TÉRMINO DE MATERIA
Término de materia o nombre geográfico como elemento de entrada Alimentos transgénicos
Subdivisión general Aspectos sociales
9 (RLIN) 186036
650 #4 - PUNTO DE ACCESO ADICIONAL DE MATERIA--TÉRMINO DE MATERIA
Término de materia o nombre geográfico como elemento de entrada Papaya
Subdivisión general Aspectos socioeconómicos
9 (RLIN) 189640
700 1# - PUNTO DE ACCESO ADICIONAL--NOMBRE DE PERSONA
Nombre de persona Chauvet, Michelle
9 (RLIN) 22036
830 ## - PUNTO DE ACCESO ADICIONAL DE SERIE-TÍTULO UNIFORME
Título uniforme Colección Sociología.
Nombre de parte o sección de la obra Serie estudios, Biblioteca de Ciencias Sociales y Humanidades
9 (RLIN) 189639
942 ## - ELEMENTOS DE PUNTO DE ACCESO ADICIONAL (KOHA)
Fuente del sistema de clasificación o colocación Dewey Decimal Classification
Tipo de ítem Koha Libro
Holdings
Estado de retiro Estado de pérdida Fuente del sistema de clasificación o colocación Estado dañado Restricciones de uso No para préstamo Código de colección Localización permanente Ubicación/localización actual Ubicación en estantería Fecha de adquisición Total de préstamos Signatura topográfica completa Código de barras Fecha visto por última vez Precio válido a partir de Tipo de ítem Koha Número de copia
    Dewey Decimal Classification   Préstamo 15 días   General Biblioteca Central Biblioteca Central Planta alta - Colección General 30/09/2024   338.17441 E27 33724002591062 30/09/2024 30/09/2024 Libro  
    Dewey Decimal Classification   Préstamo 15 días   General Biblioteca Central Biblioteca Central Planta alta - Colección General 30/09/2024   338.17441 E27 33724002591140 30/09/2024 30/09/2024 Libro c.2
    Dewey Decimal Classification   Préstamo 15 días   General Biblioteca Central Biblioteca Central Planta alta - Colección General 30/09/2024   338.17441 E27 33724002591103 30/09/2024 30/09/2024 Libro c.3